Записки неустановленных авторов: "Записка для составления законов российских"; "Мнение о верховной власти государя"

Доступно только в Электронных читальных залах Найти на картеНа карте
RUSMARC
00004033nmc2a22002533x 450
00180ae3e71-a233-4426-9c7e-6c28cb4bc9ae
00520211109161042.0
100##$a20210714l15971833k l0rusy0189 ca
1010#$arus
102##$aRU
105##$ay###
1222#$ad
2001#$aЗаписки неустановленных авторов: "Записка для составления законов российских"; "Мнение о верховной власти государя"
$jбез даты
$h[Часть 2]
215##$a35 л.
$d36,5х26 см
251##$cДело
300##$aЗаписки, проекты, доклады членов комиссии, ее корреспондентов (в том числе иностранных), должностных и частных лиц, составленные и присланные в комиссию для использования в трудах по кодификации законов и составлению нового кодекса законов
300##$aКопия с оригинала
371##$aДокумент не является опубликованным и широко распространяемым
461#0$1001eedaa675-0877-4536-8c3c-f9d4e3f25fe5
$12001
$aКомиссия составления законов при Государственном совете
$1251
$cФонд
$1852
$j1260
462#0$10017b257f6b-15f4-45b4-9269-1c15dadeccee
$12001
$a1804-1826 гг.
$1251
$cОпись
$1852
$j1
801#0$aRU
$bРГИА
$c20210714
$gRCR
801#1$aRU
$bГлавНИВЦ
$c20210714
$2rusmarc
801#2$aRU
$bПБ им. Б.Н. Ельцина
$c20211109
$gRCR
$2rusmarc
850##$aРГИА
852##$aРГИА
$eФедеральное казенное учреждение "Российский государственный исторический архив" (РГИА)
$j387
$lкопия с оригинала
937##$hРГИА
$d12372337
$aASBIBLIO_SCAN
035##$aRusGRCC00031458
856##$uhttp://readingroom.main.prlib.ru/item.aspx?id_node=n170249600&mode=full
Формат отображения